000 01552nam a2200289 i 4500
001 768714001
003 CO-MdFUSB
005 20250217165951.0
008 190430t2018 sp abeo| |||| 00| 0 spa d
020 _a9788490733356
040 _aCO-MdFUSB
_bspa
_cCO-MdFUSB
_dCO-MdFUSBC
_erda
041 _aspa
082 _222
_a220.9
_bAT881
245 1 _aAtlas bíblico :
_bla Biblia en el espacio : Geografía.
_c/ José Luis Albares ; cartografía por Espera Solucions Editorials S.L. ; diseñado por Francesc Sala.
264 1 _aEstella (Navarra), España :
_bVerbo Divino,
_c[2018]
264 4 _c© 2018
300 _a35 páginas ;
_bmapas a color, fotografías, ilustraciones :
_c30 cm
336 _2rdacontent
_atexto
_btxt
337 _2rdamedia
_asin mediación
_bn
338 _2rdacarrier
_avolumen
_bnc
490 _aCoordenadas Bíblicas,
505 _aEl país de la biblia. -- La época de los patriarcas. -- De la esclavitud en Egipto a la libertad en la Tierra Prometida. -- Monarquía: el gran reino de David. -- El reino dividido: el reino del Norte o de Israel. -- El reino dividido. -- El reino del sur o de Judá. -- El exilio en Babilonia. -- El nacimiento del judaísmo. -- El reino Macabeo - Asmoneo. -- Jesucristo: la plenitud de los tiempos. -- El nacimiento del cristianismo. -- La época post- apostólica. -- La difusión del cristianismo en el mundo antiguo. -- Las religiones hoy en el mundo. -- índice de nombres y lugares.
563 _aRústico.
653 _aAtlas -- Biblia.
942 _cREF
945 _aJTF-925
999 _c64996
_d64996